01390 a2200193 45000010006000000050017000060080041000230030015000640400040000790800073001192450063001922500011002552640032002663000019002985050807003171000018011247000023011427000031011652464620260407155530.0260407a1975 arg spa dAR-UNSa-BCEJYS aAR-UNSa-BCEJYSbspacAR-UNSa-BCEJYS a657.3xPresupuestos. Cierre de Cuentas. Balances (Estados Contables)10aAnálisis de estados financierospprincipios y técnicas a2a. ed 1aBuenos Aires :bMundic1975 a287 p.c23 cm. aParte I : El problema y su ubicación : 1. Significación y desarrollo del análisis de estados financieros - 2. Medición y limitaciones de los estados financieros - 3. Medición e interpretación - 4. El problema de los principios genralmente aceptados - 5. Actuales corrientes en los procedimientos contables - 6. El problema de la unidad de medida - Parte II : La técnica del análisis de los estados financieros : 7. Comparación de balances - 8. Estado de causas de las variaciones financieras - 9. Comparación de estados de resultados - 10.Variaciones en los resultados - 11. Tendencias de análisis de estados financieros - 12. Estructura financiera - 13. Interpretación de las mediciones - 13. Casos ilustrativos - 14. Relaciones standard - 15. Diversos esquemas de mediciones.1 aMyer, John N.1 aSeivach, Odette de1 aBértora, Héctor Raúl